| 000 | 01804nam a2200265Ia 4500 | ||
|---|---|---|---|
| 999 |
_c49226 _d49226 |
||
| 001 | 16138 | ||
| 003 | GE_BSU | ||
| 005 | 20220617130226.0 | ||
| 008 | 181216s2015ge xx |||||||||||||| ||geo|| | ||
| 040 | _cGE_BSU | ||
| 041 | _ageo | ||
| 080 | _a325.1 თ-77 | ||
| 100 |
_aთოფჩიშვილი,როლანდ _914135 |
||
| 245 |
_aხალხთა მიგრაციები : _bსახელმძღვანელო ჰუმანიტარულ მეცნიერებათა ფაკუკტეტის სტუდენტებისათვის / _cროლანდ თოფჩიშვილი, რედ: ნუგზარ მგელაძე, თამაზ ფუტკარაძე, ბეჟან ხორავა |
||
| 264 |
_aთბილისი : _bუნივერსალი, _c2015. |
||
| 300 |
_a299 გვ.: _c20სმ. |
||
| 653 | _aმიგრაცია | ||
| 653 | _aმოსახლეობის მიგრაცია | ||
| 653 | _aლექციების კურსი | ||
| 700 |
_aმგელაძე, ნუგზარ _eრედაქტორი _914136 |
||
| 700 |
_aფუტკარაძე, თამაზ _eრედაქტორი _914137 |
||
| 700 |
_aხორავა, ბეჟან _eრედაქტორი _914138 |
||
| 710 |
_aივანე ჯავახიშვილის სახელობის თბილისის. სახელმწიფო უნივერსიტეტი, ეთნოლოგიის სასწავლო-სამეცნიერო ინსტიტუტი, საქართველოს სამეზობლო კვლევების ინსტიტუტი _914139 |
||
| 942 |
_cBK _2udc |
||